| 000 | 00467nam a22001817a 4500 | ||
|---|---|---|---|
| 005 | 20200518093407.0 | ||
| 008 | 200518b xxu||||| |||| 00| 0 eng d | ||
| 020 | _a9798189747663 | ||
| 041 | _aeng | ||
| 082 | _a615.13 | ||
| 100 |
_aAgarwal, Dr. S.P _95462 |
||
| 245 | _aA Text Book of Dispensing and Community pharmacy pharmaceutics iv | ||
| 250 | _a4'th | ||
| 260 |
_aDelhi _bBirla Publication _c2019 |
||
| 300 | _a191 | ||
| 650 |
_aPharmacy _95463 |
||
| 942 | _cBK | ||
| 999 |
_c6249 _d6247 |
||